000 00256nam a2200109Ia 4500
008 220204s9999 xx 000 0 und d
082 _a82-3
_bKAM
100 _aKamala Nair
245 0 _aHome
260 _aNew Delhi
_bChildrens Book Trust
_c1965
942 _cBK
999 _c31486
_d31486